00479nam a2200157 a 450000100080000000500110000800800410001910000200006024500380008026001040011865000130022270000200023570000200025570000210027570000250029616900222012-05-03 2009 bl uuuu u00u1 u #d1 aCOSTA, N. de L. aManejo de Capineiras sob Pastejo. aClicNews, 2009. Disponível em: <http://www.ClicNews.com.br.>. Acesso em: 08 mar. 2009.c2009 aPastagem1 aBENDAHAN, A. B.1 aTOWNSEND, C. R.1 aMAGALHÃES, J. A1 aPEREIRA, R. G. de A.